Confessions by president Kikumba / (Record no. 9444)
[ view plain ]
| 000 -LEADER | |
|---|---|
| fixed length control field | 00387cam a22001457i 4500 |
| 005 - DATE AND TIME OF LATEST TRANSACTION | |
| control field | 20250901165813.0 |
| 008 - FIXED-LENGTH DATA ELEMENTS--GENERAL INFORMATION | |
| fixed length control field | 171002s2016 ke 000 1 eng |
| 010 ## - LIBRARY OF CONGRESS CONTROL NUMBER | |
| LC control number | 2016343717 |
| 020 ## - INTERNATIONAL STANDARD BOOK NUMBER | |
| International Standard Book Number | 9780195744095 |
| 050 00 - LIBRARY OF CONGRESS CALL NUMBER | |
| Classification number | PR 9408.9 .V58 2016 |
| 100 1# - MAIN ENTRY--PERSONAL NAME | |
| Personal name | Vitta, Paul B. |
| 245 10 - TITLE STATEMENT | |
| Title | Confessions by president Kikumba / |
| Statement of responsibility, etc. | Paul B. Vitta. |
| 300 ## - PHYSICAL DESCRIPTION | |
| Extent | vi, 274 pages ; |
| Dimensions | 18 cm |
| 942 ## - ADDED ENTRY ELEMENTS (KOHA) | |
| Source of classification or shelving scheme | Library of Congress Classification |
| Withdrawn status | Lost status | Source of classification or shelving scheme | Damaged status | Not for loan | Collection | Home library | Current library | Shelving location | Date acquired | Source of acquisition | Total checkouts | Full call number | Barcode | Date last seen | Copy number | Price effective from | Koha item type | Date last checked out |
|---|---|---|---|---|---|---|---|---|---|---|---|---|---|---|---|---|---|---|
| Library of Congress Classification | Main Library | Main Library | 03/21/2025 | Donation from KICD | PR 9408.9 .V58 2016 | PIUD0000409 | 03/28/2025 | 1 | 03/28/2025 | Books | ||||||||
| Library of Congress Classification | Main Library | PIU Library | 03/21/2025 | Donation from KICD | 1 | PR 9408.9 .V58 2016 | PIUD0000410 | 04/09/2026 | 2 | 03/28/2025 | Books | 03/17/2026 |